Zdroje a možnosti rastu konkurencieschopnosti ekonomiky SR diplomová práca

Guardado en:
Detalles Bibliográficos
Autor principal: Jevčák, Tomáš
Autor Corporativo: Národohospodárska fakulta EU. Katedra hospodárskej politiky
Otros Autores: Kopkáš, Peter
Formato: Libro
Lenguaje:eslovaco
Publicado: Bratislava 2017
Etiquetas: Agregar Etiqueta
Sin Etiquetas, Sea el primero en etiquetar este registro!

MARC

LEADER 00000nbm a2200000 4500
001 0231945
005 20170807100450.5
041 0 |a slo 
044 |a SK 
245 1 0 |a Zdroje a možnosti rastu konkurencieschopnosti ekonomiky SR  |b diplomová práca  |c Tomáš Jevčák ; školiteľ: Peter Kopkáš 
264 1 |a Bratislava  |c 2017 
300 |a 95 s. 
100 1 |a Jevčák, Tomáš 
700 1 |a Kopkáš, Peter 
710 2 |a Národohospodárska fakulta EU. Katedra hospodárskej politiky